00809 2200289 4500001002100000005001700021008004100038020002200079035002400101040001200125082002000137084002000157090002000177100001700197245008700214250001000301260003300311300003100344440003100375650001000406700001900416850001200435990001800447990001800465990001800483990001800501INLIS00000000000383220160729101236.0  a978-979-26-9391-1 0010-041500000000898 aYOPDYOG aK 629.892 Shi A aK 629.892 Shi A aK 629.892 Shi A aSHIN, Dae-su aApa saja perbedaan robot dengan manusia/cShin Dae Su ; penerjemah, Maria M. Lubis aEd. 1 aBandungbPelangi Mizanc2011 a37 hlm.b: ilus.c; 27 cm. aseri confidence in science aRobot aMaria M. Lubis aYOPDYOG a11019-PD/B.15 a11019-PD/B.15 a11020-PD/B.15 a11021-PD/B.15